[Event "Senta op-A 11th"]
[Site "Senta"]
[Date "2007.07.27"]
[Round "9"]
[White "Markovic, Zoran"]
[Black "Andrijevic, Milan"]
[Result "0-1"]
[WhiteElo "2186"]
[BlackElo "2338"]
[PlyCount "132"]
[EventDate "2007.07.21"]
[EventType "swiss"]
[EventRounds "9"]
[EventCountry "YUG"]
[SourceTitle "CBM 119 Extra"]
[Source "ChessBase"]
[SourceDate "2007.09.04"]
[SourceVersion "1"]
[SourceVersionDate "2007.09.04"]
[SourceQuality "1"]

1. e4 c5 2. Nf3 e6 3. d4 cxd4 4. Nxd4 Nc6 5. Nc3 Qc7 6. Be2 a6 7. 0-0 Nf6 8. Kh1 Be7 9. f4 d6 10. Be3 0-0 11. Qe1 Bd7 12. Qg3 Kh8 13. Rad1 b5 14. e5 Ne8 15. Nf3 g6 16. Ne4 d5 17. Neg5 Kg7 18. Nd4 Nxd4 19. Bxd4 Bc5 20. f5 exf5 21. e6+ Bxd4 22. Qh4 Nf6 23. e7 Rfe8 24. Qxd4 Rxe7 25. Nxh7 Qe5 26. Qxe5 Rxe5 27. Nxf6 Kxf6 28. Bf3 Be6 29. Rd4 Rc8 30. c3 Rc4 31. Kg1 g5 32. g3 Ke7 33. Kf2 Rc8 34. Rfd1 Kd6 35. h4 f6 36. R1d3 Bf7 37. Rd1 Rc4 38. R1d2 Re7 39. R4d3 Re5 40. Rd4 Kc5 41. Be2 Ra4 42. Rxa4 bxa4 43. Bxa6 a3 44. b3 gxh4 45. gxh4 Re4 46. h5 Bxh5 47. b4+ Kc6 48. Bd3 Rh4 49. Ke3 f4+ 50. Kd4 f3+ 51. Ke3 Rh1 52. c4 dxc4 53. Bxc4 Rb1 54. Rh2 Rxb4 55. Bb3 Bg6 56. Kxf3 Kc5 57. Rh8 Kd4 58. Rc8 Be4+ 59. Kf2 f5 60. Rc7 Rb6 61. Rc4+ Ke5 62. Ra4 Rh6 63. Rxa3 Rh2+ 64. Ke1 Kd4 65. Bd1 Bd3 66. Ra8 Ke3 0-1

[Event "Senta op-A 11th"]
[Site "Senta"]
[Date "2007.07.25"]
[Round "6"]
[White "Djuretanovic, Ivan"]
[Black "Markovic, Zoran"]
[Result "0-1"]
[WhiteElo "2223"]
[BlackElo "2186"]
[PlyCount "38"]
[EventDate "2007.07.21"]
[EventType "swiss"]
[EventRounds "9"]
[EventCountry "YUG"]
[SourceTitle "CBM 119 Extra"]
[Source "ChessBase"]
[SourceDate "2007.09.04"]
[SourceVersion "1"]
[SourceVersionDate "2007.09.04"]
[SourceQuality "1"]

1. e4 c5 2. Nf3 Nc6 3. d4 cxd4 4. Nxd4 Nf6 5. Nc3 e5 6. Nde2 Bb4 7. Bd2 0-0 8. g3 d5 9. exd5 Nd4 10. Nxd4 exd4 11. Ne2 Bxd2+ 12. Qxd2 Qxd5 13. Rg1 Re8 14. Bg2 Qb5 15. Kd1 Bg4 16. f3 Qxb2 17. Rc1 Bh5 18. Nf4 Ne4 19. Nd3 Nc3+ 0-1

[Event "Senta op-A 11th"]
[Site "Senta"]
[Date "2007.07.21"]
[Round "1"]
[White "Markovic, Zoran"]
[Black "Igaz, Ervin"]
[Result "1-0"]
[WhiteElo "2186"]
[BlackElo "2115"]
[PlyCount "31"]
[EventDate "2007.07.21"]
[EventType "swiss"]
[EventRounds "9"]
[EventCountry "YUG"]
[SourceTitle "CBM 119 Extra"]
[Source "ChessBase"]
[SourceDate "2007.09.04"]
[SourceVersion "1"]
[SourceVersionDate "2007.09.04"]
[SourceQuality "1"]

1. e4 Nf6 2. e5 Nd5 3. d4 d6 4. Nf3 Bg4 5. Be2 c6 6. 0-0 Bxf3 7. Bxf3 dxe5 8. dxe5 e6 9. Re1 Nd7 10. Nd2 Qh4 11. Ne4 h6 12. c4 N5b6 13. Qd4 Be7 14. Nd6+ Kf8 15. Re4 c5 16. Qc3 1-0

[Event "Backa Palanka op 2nd"]
[Site "Backa Palanka"]
[Date "2001.05.07"]
[Round "6"]
[White "Pucarevic, Milenko"]
[Black "Markovic, Zoran"]
[Result "0-1"]
[WhiteElo "2197"]
[BlackElo "2186"]
[PlyCount "82"]
[EventDate "2001.05.02"]
[EventType "swiss"]
[EventRounds "9"]
[EventCountry "YUG"]
[SourceTitle "EXT 2002"]
[Source "ChessBase"]
[SourceDate "2001.11.25"]
[SourceVersion "1"]
[SourceVersionDate "2001.11.25"]
[SourceQuality "1"]

1. d4 d5 2. Nf3 Nf6 3. Bf4 c5 4. e3 Qb6 5. dxc5 Qxb2 6. Be5 Qb4+ 7. Nbd2 Qxc5 8. c4 Nc6 9. Bxf6 exf6 10. cxd5 Qxd5 11. Bc4 Qh5 12. Qb3 Bb4 13. 0-0 Bxd2 14. Nxd2 0-0 15. Bd5 Na5 16. Qd3 Bd7 17. Rab1 Rad8 18. Bf3 Bg4 19. Qe2 Bxf3 20. Nxf3 a6 21. Rb4 Qc5 22. Rfb1 b5 23. h3 Nc6 24. Rh4 h6 25. Nh2 Ne5 26. a4 Rb8 27. Ng4 bxa4 28. Ra1 Qb5 29. Qd1 Rfd8 30. Qxa4 Ng6 31. Nxf6+ gxf6 32. Rg4 Rb6 33. Qa2 Kg7 34. Ra4 Rdd6 35. h4 Qh5 36. f3 Qc5 37. Qf2 Re6 38. h5 Qxh5 39. Rg4 Qc5 40. Re1 Rb3 41. Rd4 Rbxe3 0-1

[Event "Serbia-ch"]
[Site "Kragujevac"]
[Date "2000.02.21"]
[Round "3"]
[White "Markovic, Zoran"]
[Black "Miljkovic, Miroslav M"]
[Result "1-0"]
[WhiteElo "2186"]
[BlackElo "2240"]
[PlyCount "133"]
[EventDate "2000.02.19"]
[EventType "swiss"]
[EventRounds "9"]
[EventCountry "YUG"]
[SourceTitle "EXT 2001"]
[Source "ChessBase"]
[SourceDate "2000.11.22"]
[SourceVersion "1"]
[SourceVersionDate "2000.11.22"]
[SourceQuality "1"]

1. e4 c5 2. Nf3 Nc6 3. d4 cxd4 4. Nxd4 Qc7 5. Nc3 e6 6. Be2 a6 7. 0-0 Nf6 8. Kh1 Be7 9. f4 d6 10. Be3 0-0 11. Qe1 Nxd4 12. Bxd4 b5 13. a3 Bb7 14. Qg3 Bc6 15. Rae1 Rae8 16. Bf3 Rd8 17. Nd1 d5 18. e5 Ne4 19. Qh3 Bb7 20. Ne3 Bc5 21. Bxe4 dxe4 22. Bxc5 Qxc5 23. f5 exf5 24. Rxf5 Bc8 25. e6 Qc7 26. Rxf7 Rxf7 27. exf7+ Qxf7 28. Qh4 Re8 29. Rf1 Qe6 30. h3 Qe5 31. Qf4 Qxf4 32. Rxf4 Bb7 33. Kh2 Rd8 34. Rf2 g6 35. Rf6 Rd7 36. Kg3 Rf7 37. Rd6 Kg7 38. Rb6 Bc8 39. c4 Rb7 40. Rc6 Bd7 41. Rxa6 bxc4 42. Nxc4 Rb3+ 43. Kf4 Bb5 44. Ra7+ Kg8 45. Nd6 Bc6 46. Rc7 Bd5 47. Ke5 Rd3 48. Nxe4 Bxe4 49. Kxe4 Rd2 50. b4 Rxg2 51. b5 Rb2 52. a4 h5 53. Kf4 Rb3 54. Kg5 Kf8 55. Kxg6 Ke8 56. h4 Rb4 57. Kxh5 Rxa4 58. Kg5 Rb4 59. Rb7 Kd8 60. h5 Rb1 61. h6 Kc8 62. Rb6 Kc7 63. Rc6+ Kd7 64. Rc5 Kd6 65. Rf5 Ke6 66. Kg6 Rh1 67. Rg5 1-0

[Event "YUG Cup"]
[Site "Ulcinj"]
[Date "1997.??.??"]
[Round "?"]
[White "Abramovic, Bosko"]
[Black "Markovic, Zoran"]
[Result "1/2-1/2"]
[WhiteElo "2505"]
[BlackElo "2095"]
[PlyCount "81"]
[EventDate "1997.??.??"]
[EventType "team"]
[EventRounds "7"]
[EventCountry "YUG"]
[SourceTitle "EXT 1999"]
[Source "ChessBase"]
[SourceDate "1998.11.16"]
[SourceVersion "1"]
[SourceVersionDate "1998.11.16"]
[SourceQuality "1"]

1. d4 d5 2. c4 e6 3. Nf3 Nf6 4. Nc3 Be7 5. Bg5 0-0 6. e3 h6 7. Bxf6 Bxf6 8. Rc1 c6 9. Bd3 Nd7 10. 0-0 dxc4 11. Bxc4 e5 12. Ne4 exd4 13. Nxf6+ Nxf6 14. Qxd4 Bg4 15. Qxd8 Raxd8 16. Nd4 c5 17. Nb3 b6 18. f3 Be6 19. Bxe6 fxe6 20. Rfd1 Nd5 21. Kf2 Nb4 22. Ke2 Kf7 23. a3 Nc6 24. Nd2 Rc8 25. h4 Ke7 26. Ne4 Ne5 27. h5 Rfd8 28. Rxd8 Rxd8 29. Nf2 Nf7 30. g4 Nd6 31. Nd3 Rc8 32. f4 c4 33. Ne5 b5 34. Kf3 Nf7 35. Ng6+ Ke8 36. a4 b4 37. e4 c3 38. bxc3 Rxc3+ 39. Rxc3 bxc3 40. Ke3 Nd6 41. e5 1/2-1/2

[Event "YUG-chT"]
[Site "Niksic"]
[Date "1996.??.??"]
[Round "?"]
[White "Bojkovic, Natasa"]
[Black "Markovic, Zoran"]
[Result "1-0"]
[WhiteElo "2405"]
[BlackElo "2095"]
[PlyCount "175"]
[EventDate "1996.??.??"]
[EventType "team"]
[EventRounds "12"]
[EventCountry "YUG"]
[SourceTitle "EXT 2000"]
[Source "ChessBase"]
[SourceDate "1999.11.16"]
[SourceVersion "1"]
[SourceVersionDate "1999.11.16"]
[SourceQuality "1"]

1. e4 c5 2. c3 e5 3. Nf3 Nc6 4. Bc4 Qc7 5. d3 Nf6 6. Nbd2 Be7 7. Nf1 0-0 8. Ng3 d6 9. 0-0 Rb8 10. a4 a6 11. h3 b5 12. axb5 axb5 13. Bb3 Na5 14. Bc2 b4 15. cxb4 cxb4 16. d4 b3 17. Bd3 Nc6 18. Be3 Nb4 19. Qxb3 Be6 20. Qd1 Nxd3 21. Qxd3 Rxb2 22. dxe5 dxe5 23. Ra7 Qd6 24. Rd1 Qb4 25. Nxe5 Rb3 26. Qd4 Qxd4 27. Bxd4 Bd6 28. Ra6 Bb8 29. Ra8 Bd6 30. Rxf8+ Kxf8 31. Nf5 Bxf5 32. exf5 Rb5 33. Nc4 Be7 34. Ne3 Rb8 35. g4 Rd8 36. Kg2 h6 37. Bc5 Rxd1 38. Bxe7+ Kxe7 39. Nxd1 Nd5 40. Kf3 f6 41. Ke4 Kd6 42. Ne3 Nc3+ 43. Kd3 Nb5 44. Kc4 Nc7 45. f4 Kc6 46. Kd4 Kd6 47. Nc4+ Kc6 48. Ke4 Kc5 49. Ne3 Ne8 50. Nf1 Nd6+ 51. Kf3 Ne8 52. Ng3 Kd4 53. Nh5 Kd5 54. h4 Kd6 55. g5 hxg5 56. fxg5 fxg5 57. hxg5 Ke7 58. Kf4 Kf7 59. g6+ Kf8 60. Ke5 Nc7 61. Nf4 Nb5 62. Nd5 Na7 63. Kd6 Nb5+ 64. Kc5 Na3 65. Kd4 Nb5+ 66. Ke5 Na7 67. Nc7 Nc6+ 68. Kd6 Na5 69. Ne6+ Kg8 70. Kd7 Nc4 71. Nc7 Ne3 72. Ke6 Ng4 73. Ne8 Kf8 74. Nd6 Nf6 75. Nc4 Kg8 76. Ne5 Ne4 77. Nd7 Ng5+ 78. Kd5 Nf3 79. Ke4 Nd2+ 80. Ke5 Nc4+ 81. Kf4 Nb2 82. f6 Nd3+ 83. Kg5 gxf6+ 84. Nxf6+ Kg7 85. Nh5+ Kf8 86. Kh6 Ne5 87. g7+ Kg8 88. Nf6+ 1-0

[Event "YUG-chT"]
[Site "Niksic"]
[Date "1996.??.??"]
[Round "?"]
[White "Markovic, Zoran"]
[Black "Filipovic, Branko"]
[Result "1/2-1/2"]
[WhiteElo "2095"]
[BlackElo "2450"]
[PlyCount "64"]
[EventDate "1996.??.??"]
[EventType "team"]
[EventRounds "12"]
[EventCountry "YUG"]
[SourceTitle "EXT 2000"]
[Source "ChessBase"]
[SourceDate "1999.11.16"]
[SourceVersion "1"]
[SourceVersionDate "1999.11.16"]
[SourceQuality "1"]

1. e4 b6 2. d4 Bb7 3. Bd3 e6 4. Nf3 c5 5. c3 Nf6 6. Qe2 Be7 7. 0-0 Nc6 8. a3 Na5 9. Nbd2 c4 10. Bc2 Qc7 11. Re1 0-0 12. Rb1 Rae8 13. Nf1 d6 14. e5 Nd5 15. Ng3 f6 16. exf6 Bxf6 17. Ne4 Nb3 18. Nxf6+ Nxf6 19. Bg5 Qc6 20. Rbd1 Qd5 21. Bxf6 gxf6 22. Be4 Qxe4 23. Qxe4 Bxe4 24. Rxe4 d5 25. Re2 Na5 26. Nh4 Nb7 27. g3 Kf7 28. Rde1 Nd6 29. Ng2 Re7 30. Nf4 Rfe8 31. Re3 a5 32. Kg2 b5 1/2-1/2

[Event "Belgrade Cukarica"]
[Site "Belgrade"]
[Date "1995.??.??"]
[Round "4"]
[White "Markovic, Zoran"]
[Black "Todorovic, Jovan"]
[Result "1/2-1/2"]
[WhiteElo "2140"]
[BlackElo "2335"]
[PlyCount "34"]
[EventDate "1995.??.??"]
[EventType "swiss"]
[EventRounds "10"]
[EventCountry "YUG"]
[EventCategory "6"]
[SourceTitle "EXT 2002"]
[Source "ChessBase"]
[SourceDate "2001.11.25"]
[SourceVersion "1"]
[SourceVersionDate "2001.11.25"]
[SourceQuality "1"]

1. a3 d5 2. d4 Nf6 3. Nf3 e6 4. e3 Nbd7 5. Be2 Be7 6. 0-0 0-0 7. b3 b6 8. Bb2 Bb7 9. Nbd2 c5 10. c4 Rc8 11. Rc1 dxc4 12. bxc4 Qc7 13. Qb3 Rfd8 14. Rfd1 Nf8 15. a4 Ng6 16. g3 Ba8 17. Bc3 cxd4 1/2-1/2

[Event "Belgrade Cukarica"]
[Site "Belgrade"]
[Date "1995.??.??"]
[Round "1"]
[White "Markovic, Zoran"]
[Black "Zontakh, Andrey"]
[Result "0-1"]
[WhiteElo "2140"]
[BlackElo "2460"]
[PlyCount "56"]
[EventDate "1995.??.??"]
[EventType "swiss"]
[EventRounds "10"]
[EventCountry "YUG"]
[EventCategory "6"]
[SourceTitle "EXT 2002"]
[Source "ChessBase"]
[SourceDate "2001.11.25"]
[SourceVersion "1"]
[SourceVersionDate "2001.11.25"]
[SourceQuality "1"]

1. e4 c5 2. Nf3 Nc6 3. d4 cxd4 4. Nxd4 Nf6 5. Nc3 d6 6. f4 e5 7. Nf3 Be7 8. Bc4 0-0 9. Bb3 Bg4 10. 0-0 Nd4 11. Qd3 Nxf3+ 12. gxf3 Bh3 13. Rd1 exf4 14. Bxf4 Nh5 15. Be3 Bg5 16. Nd5 Be6 17. Kh1 Bxd5 18. Bxg5 Qxg5 19. Qxd5 Qh4 20. Rg1 Qh3 21. Raf1 Ng3+ 22. Rxg3 Qxf1+ 23. Rg1 Qxf3+ 24. Rg2 Rae8 25. Qg5 g6 26. Bd5 Re5 27. Qg4 Qxg4 28. Rxg4 Kg7 0-1